Mots de la langue française terminés par "but" - Statistiques

Statistiques générales
  • Ce quiz a été pris 144 fois
  • Le résultat moyen est 5 sur 9
Statistiques - réponses
Indice Mot % Correct
objectif but
99%
commencement début
96%
caleçon (familier) calbut
73%
maladie scorbut
68%
poubelle rebut
59%
contribution tribut
55%
caractère particulier attribut
48%
trou embut
10%
poisson gabut
2%
Aucun quiz correspondant
Distribution des résultats
% des personnes avec chaque résultat
Percentile par nombre de réponses
Votre historique - résultats
Vous n’avez pas pris ce quiz